5HLuxD.jpg

KING HENRY VIII SENIOR AND PRIMARY SCHOOL LIBRARY OPAC

Oxygen : (Record no. 281)

000 -LEADER
fixed length control field 02330cam a2200397 i 4500
001 - CONTROL NUMBER
control field 19280963
003 - CONTROL NUMBER IDENTIFIER
control field OSt
005 - DATE AND TIME OF LATEST TRANSACTION
control field 20190805104502.0
008 - FIXED-LENGTH DATA ELEMENTS--GENERAL INFORMATION
fixed length control field 160920r20162002enka b 001 0 eng
010 ## - LIBRARY OF CONGRESS CONTROL NUMBER
LC control number 2016285233
020 ## - INTERNATIONAL STANDARD BOOK NUMBER
International Standard Book Number 9780198784937
020 ## - INTERNATIONAL STANDARD BOOK NUMBER
International Standard Book Number 0198784937
040 ## - CATALOGING SOURCE
Original cataloging agency DLC
Language of cataloging eng
Description conventions rda
Transcribing agency DLC
Modifying agency DLC
042 ## - AUTHENTICATION CODE
Authentication code pcc
082 00 - DEWEY DECIMAL CLASSIFICATION NUMBER
Classification number 572 LAN
Edition number 23
100 1# - MAIN ENTRY--PERSONAL NAME
Personal name Lane, Nick,
Dates associated with a name 1967-
Relator term author.
245 10 - TITLE STATEMENT
Title Oxygen :
Remainder of title the molecule that made the world /
Statement of responsibility, etc. Nick Lane.
250 ## - EDITION STATEMENT
Edition statement Revised impression.
264 #1 - PRODUCTION, PUBLICATION, DISTRIBUTION, MANUFACTURE, AND COPYRIGHT NOTICE
Place of production, publication, distribution, manufacture Oxford ;
Name of producer, publisher, distributor, manufacturer Oxford University Press,
Date of production, publication, distribution, manufacture, or copyright notice 2016.
264 #4 - PRODUCTION, PUBLICATION, DISTRIBUTION, MANUFACTURE, AND COPYRIGHT NOTICE
Date of production, publication, distribution, manufacture, or copyright notice ©2002
300 ## - PHYSICAL DESCRIPTION
Extent x, 374 pages ;
Dimensions 20 cm.
336 ## - CONTENT TYPE
Content type term text
Content type code txt
Source rdacontent
337 ## - MEDIA TYPE
Media type term unmediated
Media type code n
Source rdamedia
338 ## - CARRIER TYPE
Carrier type term volume
Carrier type code nc
Source rdacarrier
490 0# - SERIES STATEMENT
Series statement Oxford Landmark Science series.
504 ## - BIBLIOGRAPHY, ETC. NOTE
Bibliography, etc. note Includes bibliographical references and index.
505 0# - FORMATTED CONTENTS NOTE
Formatted contents note Introduction: Elixir of Life and death -- In the beginning: the origins and importance of Oxygen -- Silence of the Aeons: three billion years of microbial evolution -- Fuse to the Cambrian explosion: snowball Earth, environmental change and the first animals -- Bolsover dragonfly: oxygen and the rise of the giants -- Treachery in the air: oxygen poisoning and x-irradiation: a mechanism in common -- Green Planet: radiation and the evolution of photosynthesis -- Looking for LUCA: last ancestor in an age before oxygen -- Portrait of a paradox: vitamin C. and the many faces of an antioxidant -- Antioxidant machine: a hundred and one ways of living with oxygen -- Sex and the art of bodily maintenance: trade-offs in the evolution of ageing -- Eat or you'll live forever: the triangle of food, sex and longevity -- Gender bender: the rate of living and the need for sexes -- Beyond genes and destiny: the double-agent theory of ageing and disease -- Life, death and oxygen: lessons from evolution on the future of ageing.
650 #0 - SUBJECT ADDED ENTRY--TOPICAL TERM
Topical term or geographic name entry element Oxygen
Form subdivision Popular works.
650 #0 - SUBJECT ADDED ENTRY--TOPICAL TERM
Topical term or geographic name entry element Oxygen
General subdivision Evolution
Form subdivision Popular works.
650 #0 - SUBJECT ADDED ENTRY--TOPICAL TERM
Topical term or geographic name entry element Oxygen in the body
Form subdivision Popular works.
650 #0 - SUBJECT ADDED ENTRY--TOPICAL TERM
Topical term or geographic name entry element Biogeochemical cycles
Form subdivision Popular works.
906 ## - LOCAL DATA ELEMENT F, LDF (RLIN)
a 7
b cbc
c origcop
d 2
e ncip
f 20
g y-gencatlg
942 ## - ADDED ENTRY ELEMENTS (KOHA)
Source of classification or shelving scheme
Koha item type Books - Non Ficton
Holdings
Withdrawn status Lost status Source of classification or shelving scheme Damaged status Not for loan Collection code Permanent Location Current Location Shelving location Date acquired Full call number Barcode Date last seen Price effective from Koha item type
          Non-Fiction KH8 Senior School Library KH8 Senior School Library Non Fiction 2019-08-05 572 LAN 3KHSL000101154 2019-08-05 2019-08-05 Books - Non Ficton

Powered By KH8 IT Dept